| 000 | 00000nam##2200000za#4500 |
| 001 | 9.640056 |
| 003 | CaOODSP |
| 005 | 20210624222502 |
| 007 | cr ||||||||||| |
| 008 | 150407|2001||||xxc|||||o f|0| 0 fre|d |
| 040 | |aCaOODSP|bfre |
| 043 | |an-cn--- |
| 086 | 1 |aFA3-34/2001F-PDF |
| 110 | 1 |aCanada. |bBureau du vérificateur général. |
| 245 | 10|aRapport sur le cadre d'examen environnemental de la Société pour l'expansion des exportations |h[ressource électronique] |
| 260 | |aOttawa - Ontario : |bBureau du vérificateur général du Canada |cMai 2001. |
| 300 | |a46p.|bfigure, graphiques, tableaux |
| 500 | |aLe n° de catalogue (FA3-34/2001F) et l'ISBN (0-662-85830-1) de l'édition imprimée ont été incorrectement copiés dans l'édition électronique. |
| 590 | |a12-14-Supp|b2012-04-10 |
| 691 | 07|aÉvaluation environnementale|2gcpds |
| 691 | 07|aPolitique environnementale|2gcpds |
| 775 | 08|tReport on the Export Development Corporation's environmental review framework |w(CaOODSP)9.695936 |
| 776 | 0#|tRapport sur le cadre d'examen environnemental de la Société pour l'expansion des exportations |w(CaOODSP)9.681499 |
| 856 | 40|ahttp://publications.gc.ca|qPDF|s346 Ko|uhttps://publications.gc.ca/collections/Collection/FA3-34-2001F.pdf |